000 00321nam a2200121Ia 4500
008 190723s9999 xx 000 0 und d
020 _a978-0-19-906014-6
100 _aMary Louise Becker
245 4 _aThe All-India Muslim League, 1906-1947
260 _aNew York
_bOxford Uni Press
_c2013
300 _a295.:p
942 _cBK
999 _c1723
_d1723